01429nam a2200277 a 450000100100000000500170001000800410002702000180006804000250008608200210011110000250013224500530015726000360021030000200024650000740026650400300034059000260037060000550039691000410045195201330049295201330062595201330075895201190089195201240101099900170113400002401720260302075941.0110118s2010 dr 000 0bspa d a9789945872958 aDO-SdBNPbspacBNPHU a923.77293bA185S aAcosta, Pilar94935810aSalomé Ureña para jóvenes /cPilar Acosta. aSanto Domingo :bBúho,c2010. a87 p. ;c22 cm. aIncluye referencias bibliográficas y notas al pie de las páginas. aBibliografía : p. 85-87 aInventariado, 2020/VM10aUreña de Henríquez, Salomé ,d1850-18979920 aValidado. Control de calidad MMOLINA 001054708DSaGRbGRcHDd2013-05-16iLF1l0o923.77293 A185Sp24017-40r2020-06-25te.4w2020-06-25yLFDSZPréstamo en sala 001054708DSaGRbGRcHDd2013-05-16iLF1l0o923.77293 A185Sp24017-50r2020-06-25te.5w2020-06-25yLFDSZPréstamo en sala 001054708DSaGRbGRcHDd2011-01-18iLF1l0o923.77293 A185Sp24017-30r2020-06-25te.3w2020-06-25yLFDSZPréstamo en sala 0010718PDaPDbPDcHDd2011-01-18iLF1l0o923.77293 A185Sp24017-10r2020-06-25w2020-06-25yLFPDZNo se presta 0010718PDaPDbPDcHDd2011-01-18iLF1l0o923.77293 A185Sp24017-20r2020-06-25te.2w2020-06-25yLFPDZNo se presta c23512d23512